000 00282nam a22001097a 4500
082 _a629.8323 CHE'S
100 _aMAYER, R. W ,CHESTUT, H
_957283
245 _aSVEROMECHANISMS AND REGULATING SYSTEM DESIGN
260 _aNEWYORK
_bJOHN WILEY
_c1955
300 _aVOL-II
942 _cBK
999 _c567578
_d567578